[Event "Ronne Jubilaum"]
[Site "Ronne"]
[Date "2001.06.25"]
[Round "3"]
[White "Moller, Morten Kock"]
[Black "Svanholm, Borge"]
[Result "1-0"]
[WhiteElo "1859"]
[BlackElo "1712"]
[PlyCount "133"]
[EventDate "2001.??.??"]
[EventType "swiss"]
[EventRounds "9"]
[EventCountry "DEN"]
[SourceDate "2005.12.01"]

1. e4 c5 2. c3 Nf6 3. e5 Nd5 4. d4 cxd4 5. Qxd4 e6 6. Nf3 Nc6 7. Qe4 d6 8. Bb5
Qc7 9. c4 Nde7 10. exd6 Qxd6 11. O-O Bd7 12. Bf4 Qc5 13. Qe2 Ng6 14. Be3 Qh5
15. Nc3 Be7 16. Qc2 a6 17. Ba4 O-O 18. Rad1 Nb4 19. Qb1 Bxa4 20. Nxa4 b5 21.
Nb6 Rad8 22. Nd7 Rfe8 23. a3 Nc6 24. Qe4 Rc8 25. cxb5 Qxb5 26. Rc1 Na5 27. Rxc8
Rxc8 28. Nb6 Rb8 29. b4 Nb7 30. Qc4 Qxc4 31. Nxc4 Rc8 32. Nfd2 Nd6 33. Nxd6
Bxd6 34. Ne4 Be7 35. Nc5 a5 36. bxa5 Ra8 37. Nb3 Bxa3 38. Bb6 Ne5 39. Nd4 Bb4
40. Rb1 Bd6 41. Nb5 Nc4 42. Nxd6 Nxd6 43. Bc7 Nc8 44. Rb8 Rxb8 45. Bxb8 Kf8 46.
Be5 Ke7 47. Bxg7 Kd7 48. g3 Kc6 49. Kg2 Kb5 50. Bc3 Nd6 51. Kf3 Kc4 52. Be5 Nc8
53. Kf4 Kb5 54. Bc3 Ne7 55. Kg5 Nd5 56. Bd2 Kc5 57. Kh6 Nc7 58. Kxh7 Kd5 59.
Kg7 f5 60. h4 Ne8+ 61. Kf8 Nf6 62. a6 Kc6 63. a7 Kb7 64. Be3 Ng4 65. h5 e5 66.
h6 Nxh6 67. Bxh6 1-0

[Event "Ronne Jubilaum"]
[Site "Ronne"]
[Date "2001.06.25"]
[Round "3"]
[White "Evensen, Tom Richard"]
[Black "Hemdorff, Dennis"]
[Result "1/2-1/2"]
[WhiteElo "1838"]
[BlackElo "1653"]
[PlyCount "106"]
[EventDate "2001.??.??"]
[EventType "swiss"]
[EventRounds "9"]
[EventCountry "DEN"]
[SourceDate "2005.12.01"]

1. d4 Nf6 2. Nf3 e6 3. c4 b6 4. a3 Bb7 5. Nc3 Be7 6. Bf4 d6 7. e3 Nbd7 8. Bd3
O-O 9. Rc1 c6 10. Bb1 h6 11. Qc2 c5 12. d5 e5 13. Bg3 Re8 14. O-O Bf8 15. Bh4
Be7 16. h3 Nf8 17. Bg3 Bc8 18. Rfd1 N6h7 19. b4 f5 20. Ne2 Ng5 21. Nxg5 Bxg5
22. Bh2 Qe7 23. Re1 Bf6 24. Ng3 g6 25. Ba2 Bd7 26. bxc5 bxc5 27. Nf1 Reb8 28.
Rb1 Bc8 29. Bb3 Bd7 30. Nd2 Be8 31. Ba4 Bxa4 32. Qxa4 Qd7 33. Qc2 Qc7 34. f3
Rxb1 35. Rxb1 Rb8 36. Bg3 Nd7 37. Be1 Rxb1 38. Qxb1 Qb6 39. Nb3 Bg5 40. Kf2 Kf7
41. Ba5 Qb8 42. Nd2 Qxb1 43. Nxb1 Ke7 44. Nd2 h5 45. Bc7 Nf8 46. g4 Kd7 47. Ba5
Bd8 48. Bxd8 Kxd8 49. gxh5 gxh5 50. Nb3 Ng6 51. Na5 Kc7 52. Nc6 Kb6 53. a4 h4
1/2-1/2

[Event "Ronne Jubilaum"]
[Site "Ronne"]
[Date "2001.06.25"]
[Round "3"]
[White "Simonsen, Per"]
[Black "Erikstad, Olav Aage"]
[Result "0-1"]
[WhiteElo "1723"]
[BlackElo "1548"]
[PlyCount "70"]
[EventDate "2001.??.??"]
[EventType "swiss"]
[EventRounds "9"]
[EventCountry "DEN"]
[SourceDate "2005.12.01"]

1. d4 c6 2. c4 d5 3. Nf3 Nf6 4. Nc3 e6 5. Bg5 Nbd7 6. e3 Bb4 7. a3 Bxc3+ 8.
bxc3 Qa5 9. Rc1 dxc4 10. Bxc4 Ne4 11. Bf4 Qxa3 12. O-O b5 13. Qc2 Nef6 14. Bd3
Bb7 15. Ne5 Nxe5 16. Bxe5 Qe7 17. h3 a6 18. c4 Nd7 19. Bh2 c5 20. cxb5 Qg5 21.
e4 cxd4 22. bxa6 Rxa6 23. Bxa6 Bxa6 24. Qa4 Bxf1 25. Rc8+ Ke7 26. Qb4+ Kf6 27.
e5+ Kg6 28. Qb1+ f5 29. exf6+ Kxf6 30. Kxf1 Rxc8 31. f4 Qg6 32. Qd1 Qe4 33. Bg3
Qe3 34. Bh4+ Kf7 35. Qh5+ Kf8 0-1

[Event "Ronne Jubilaum"]
[Site "Ronne"]
[Date "2001.06.26"]
[Round "4"]
[White "Kiriakov, Petr"]
[Black "Ibragimov, Ildar"]
[Result "1/2-1/2"]
[WhiteElo "2546"]
[BlackElo "2578"]
[PlyCount "47"]
[EventDate "2001.??.??"]
[EventType "swiss"]
[EventRounds "9"]
[EventCountry "DEN"]
[SourceDate "2005.12.01"]

1. d4 d5 2. c4 e6 3. Nc3 Bb4 4. cxd5 exd5 5. Nf3 Nf6 6. Bg5 h6 7. Bxf6 Qxf6 8.
Qa4+ Nc6 9. Rc1 O-O 10. e3 Rd8 11. Be2 a6 12. a3 Bf8 13. O-O Ne7 14. Qb3 Qd6
15. Na4 b6 16. Qc2 Bd7 17. Rfd1 Rdc8 18. Nc3 Bf5 19. Bd3 Bxd3 20. Qxd3 Ng6 21.
Rc2 Be7 22. Rdc1 Qd7 23. Nd1 a5 24. Qd2 1/2-1/2

[Event "Ronne Jubilaum"]
[Site "Ronne"]
[Date "2001.06.26"]
[Round "4"]
[White "Berg, Klaus"]
[Black "Tetenkina, Irina"]
[Result "1-0"]
[WhiteElo "2316"]
[BlackElo "2221"]
[PlyCount "71"]
[EventDate "2001.??.??"]
[EventType "swiss"]
[EventRounds "9"]
[EventCountry "DEN"]
[SourceDate "2005.12.01"]

1. d4 d5 2. Bg5 c5 3. e4 dxe4 4. d5 Qb6 5. Nc3 Bf5 6. Qd2 Nd7 7. O-O-O Ngf6 8.
Nge2 O-O-O 9. Ng3 Bg6 10. Bb5 h6 11. Bf4 e5 12. dxe6 Qxe6 13. Qe2 Be7 14. Bc4
Qg4 15. Qe3 Nh5 16. Nxh5 Bxh5 17. Nb5 Ne5 18. Nxa7+ Kb8 19. Nc6+ Kc7 20. Nxd8
Qxf4 21. Qxf4 Bg5 22. Qxg5 hxg5 23. Nxf7 Nxf7 24. Bxf7 Bxf7 25. Rhe1 Rxh2 26.
Rxe4 Bh5 27. g4 Bg6 28. Re7+ Kc8 29. Rxg7 Be4 30. Re1 Bc6 31. Rxg5 Rxf2 32.
Rxc5 Rg2 33. Rxc6+ bxc6 34. Re4 Kd7 35. b3 Kd6 36. Rc4 1-0

[Event "Ronne Jubilaum"]
[Site "Ronne"]
[Date "2001.06.26"]
[Round "4"]
[White "Hector, Jonny"]
[Black "Kveinys, Aloyzas"]
[Result "1/2-1/2"]
[WhiteElo "2546"]
[BlackElo "2533"]
[PlyCount "116"]
[EventDate "2001.??.??"]
[EventType "swiss"]
[EventRounds "9"]
[EventCountry "DEN"]
[SourceDate "2005.12.01"]

1. e4 c5 2. Nf3 e6 3. d4 cxd4 4. Nxd4 a6 5. Nc3 b5 6. Bd3 Qb6 7. Be3 Bc5 8. Be2
Nc6 9. Nxc6 Bxe3 10. fxe3 dxc6 11. Qd4 Qxd4 12. exd4 e5 13. dxe5 Ne7 14. a4 Rb8
15. axb5 axb5 16. Bh5 Ng6 17. Bxg6 hxg6 18. Ra7 Rh5 19. O-O Be6 20. Rc7 Rxe5
21. b4 c5 22. bxc5 b4 23. Rb1 Kd8 24. Rc6 Ke7 25. Kf2 Rd8 26. Rxb4 Rd2+ 27. Ke3
Rxg2 28. Kd4 Kf6 29. Nd5+ Rxd5+ 30. exd5 Rg4+ 31. Ke3 Rxb4 32. dxe6 fxe6 33.
Kd3 Rh4 34. Rc7 Rh3+ 35. Kc4 Rxh2 36. c3 g5 37. c6 g4 38. Rb7 g3 39. c7 Rh8 40.
Rb8 Rh4+ 41. Kb5 g2 42. c8=Q Rh5+ 43. Ka6 g1=Q 44. Qf8+ Kg6 45. Qe8+ Kh6 46.
Qxe6+ g6 47. Rh8+ Kg5 48. Rxh5+ Kxh5 49. c4 Qa1+ 50. Kb7 Qb2+ 51. Kc6 g5 52.
Qh3+ Kg6 53. c5 Qf6+ 54. Kd5 Qd8+ 55. Kc4 Qg8+ 56. Kc3 Qd5 57. Qe3 g4 58. Qe8+
Qf7 1/2-1/2

[Event "Ronne Jubilaum"]
[Site "Ronne"]
[Date "2001.06.26"]
[Round "4"]
[White "De Firmian, Nick E"]
[Black "Pedersen, Steffen"]
[Result "1/2-1/2"]
[WhiteElo "2382"]
[BlackElo "2463"]
[PlyCount "98"]
[EventDate "2001.??.??"]
[EventType "swiss"]
[EventRounds "9"]
[EventCountry "DEN"]
[SourceDate "2005.12.01"]

1. e4 e6 2. d4 d5 3. Nc3 Bb4 4. e5 c5 5. a3 Bxc3+ 6. bxc3 Ne7 7. Nf3 b6 8. Bb5+
Bd7 9. Bd3 Ba4 10. O-O c4 11. Be2 h6 12. g3 Nd7 13. Nh4 Qc7 14. Ng2 O-O-O 15.
Nf4 Rde8 16. Bg4 Qc6 17. Re1 Kb7 18. Bd2 a5 19. Rb1 Ka7 20. Rb2 Ka6 21. Nh5 g6
22. Nf4 Ka7 23. h4 Rh7 24. Ng2 f5 25. exf6 Ng8 26. Nf4 Nf8 27. h5 g5 28. Ng6
Nxf6 29. Nxf8 Rxf8 30. Rxe6 Qc7 31. Bf5 Rhf7 32. Bg6 Ne4 33. Rxe4 dxe4 34. Be3
Rf3 35. Qe1 Bc6 36. d5 Rxe3 37. Qxe3 Bxd5 38. Rb5 Qc6 39. Rxa5+ Kb8 40. Rxd5
Qxd5 41. Bxe4 Qc5 42. Qxc5 bxc5 43. Kg2 Kc7 44. Bd5 Kd6 45. Bxc4 Ra8 46. Bd3
Rxa3 47. c4 Ke5 48. Kf3 Ra8 49. Ke3 Rf8 1/2-1/2

[Event "Ronne Jubilaum"]
[Site "Ronne"]
[Date "2001.06.26"]
[Round "4"]
[White "Loginov, Valery A"]
[Black "Demina, Julia"]
[Result "1-0"]
[WhiteElo "2499"]
[BlackElo "2350"]
[PlyCount "97"]
[EventDate "2001.??.??"]
[EventType "swiss"]
[EventRounds "9"]
[EventCountry "DEN"]
[SourceDate "2005.12.01"]

1. Nf3 d5 2. g3 Nf6 3. Bg2 g6 4. O-O Bg7 5. c4 dxc4 6. Qa4+ Nfd7 7. Qxc4 Nb6 8.
Qh4 Nc6 9. Nc3 h6 10. d4 Bf5 11. g4 g5 12. Qg3 Bg6 13. h4 Qd6 14. Qxd6 cxd6 15.
hxg5 hxg5 16. Bxg5 Rc8 17. e3 f6 18. Bf4 Nb4 19. Nd2 Nd3 20. Bxb7 Rc7 21. Be4
Bxe4 22. Ndxe4 Nxf4 23. exf4 f5 24. Ng5 Rh4 25. gxf5 Bxd4 26. Nb5 Rc4 27. Rfe1
Kd7 28. Nxd4 Rxd4 29. Ne6 Rd2 30. Rac1 Nd5 31. Nf8+ Kd8 32. Ne6+ Kd7 33. Rc4
Rh8 34. Rec1 Rb8 35. Ra4 Rb7 36. Nf8+ Kd8 37. Ne6+ Kd7 38. b3 Nb4 39. Nf8+ Kd8
40. Ne6+ Kd7 41. a3 Nd3 42. Rc3 Nb2 43. Rd4 Rxd4 44. Nxd4 a5 45. Ne6 a4 46. b4
Ra7 47. Kf1 d5 48. Rc5 Ra6 49. Rc2 1-0

[Event "Ronne Jubilaum"]
[Site "Ronne"]
[Date "2001.06.26"]
[Round "4"]
[White "Hillarp Persson, Tiger"]
[Black "Eidelson, Rakhil"]
[Result "1-0"]
[WhiteElo "2443"]
[BlackElo "2280"]
[PlyCount "113"]
[EventDate "2001.??.??"]
[EventType "swiss"]
[EventRounds "9"]
[EventCountry "DEN"]
[SourceDate "2005.12.01"]

1. c4 Nf6 2. Nc3 g6 3. e4 d6 4. d4 Bg7 5. Be2 O-O 6. Nf3 Na6 7. O-O e5 8. Bg5
Qe8 9. Re1 h6 10. Bxf6 Bxf6 11. c5 Bg7 12. Bxa6 bxa6 13. Nd5 Qd8 14. dxe5 dxe5
15. Qa4 Bg4 16. Qxa6 Bxf3 17. gxf3 Kh7 18. Re3 f5 19. Rf1 Qd7 20. Rd3 fxe4 21.
fxe4 Qg4+ 22. Rg3 Qxe4 23. Nxc7 Rad8 24. Ne6 Rf6 25. Qa5 Rd7 26. Nxg7 Kxg7 27.
Qc3 Rd4 28. b3 Qd5 29. a3 h5 30. h3 h4 31. Rg5 Rf3 32. Qc2 Rdd3 33. Rg2 Qxb3
34. Qc1 Rc3 35. Qg5 Qe6 36. Rd1 Rxc5 37. Qxh4 Rc8 38. Qe4 Rcf8 39. Rc1 R3f4 40.
Qe3 R8f7 41. Rc5 Rf3 42. Qc1 Qf5 43. Qd2 Re7 44. Rc6 Rxh3 45. Qb2 Rd7 46.
Rcxg6+ Kh7 47. R2g3 Rxg3+ 48. Rxg3 e4 49. Qc3 Rf7 50. Rh3+ Kg6 51. Qc6+ Rf6 52.
Qe8+ Rf7 53. Rg3+ Kh6 54. Qh8+ Rh7 55. Qd8 Rd7 56. Qh4+ Qh5 57. Qf4+ 1-0

[Event "Ronne Jubilaum"]
[Site "Ronne"]
[Date "2001.06.26"]
[Round "4"]
[White "Hoi, Carsten"]
[Black "Henriksen, Geir I"]
[Result "1/2-1/2"]
[WhiteElo "2404"]
[BlackElo "2209"]
[PlyCount "110"]
[EventDate "2001.??.??"]
[EventType "swiss"]
[EventRounds "9"]
[EventCountry "DEN"]
[SourceDate "2005.12.01"]

1. d4 Nf6 2. Nf3 e6 3. Bg5 c5 4. e3 Qb6 5. Qc1 Nc6 6. c3 d5 7. Nbd2 Bd7 8. Bd3
Be7 9. O-O h6 10. Bh4 Rc8 11. Qb1 O-O 12. dxc5 Qxc5 13. e4 dxe4 14. Nxe4 Nxe4
15. Bxe7 Nxe7 16. Bxe4 Bc6 17. Rd1 Rfd8 18. Bxc6 Nxc6 19. Qe4 Rd6 20. Rxd6 Qxd6
21. Re1 Rd8 22. h3 Qd5 23. Qxd5 Rxd5 24. Kf1 Kf8 25. Ke2 Ke7 26. b4 Ne5 27. Nd4
Nc6 28. Nc2 Ne5 29. Ne3 Rd6 30. a4 Rc6 31. Rc1 Nc4 32. Nxc4 Rxc4 33. Kd3 Rf4
34. f3 Kd6 35. a5 a6 36. Rd1 Kc7 37. Re1 Rf5 38. c4 h5 39. Ke4 g5 40. Kd3 Kc6
41. Re4 Kc7 42. Ke3 Kc6 43. g4 hxg4 44. hxg4 Rf6 45. Re5 Rf4 46. Re4 Rf6 47.
Rd4 Rh6 48. Rd8 Rh1 49. Rc8+ Kd6 50. Rb8 Rc1 51. Rxb7 Rxc4 52. Rxf7 Rxb4 53.
Ra7 Ke5 54. Rxa6 Rb3+ 55. Ke2 Rb2+ 1/2-1/2

[Event "Ronne Jubilaum"]
[Site "Ronne"]
[Date "2001.06.26"]
[Round "4"]
[White "Schultz Pedersen, Jesper"]
[Black "Jakobsen, Ole"]
[Result "0-1"]
[WhiteElo "2206"]
[BlackElo "2399"]
[PlyCount "62"]
[EventDate "2001.??.??"]
[EventType "swiss"]
[EventRounds "9"]
[EventCountry "DEN"]
[SourceDate "2005.12.01"]

1. e4 g6 2. Nc3 Bg7 3. h4 h5 4. Bc4 d6 5. d3 Nc6 6. Nh3 Na5 7. Bb3 Nxb3 8. axb3
e5 9. Bg5 f6 10. Be3 a6 11. d4 Be6 12. f4 exd4 13. Qxd4 Ne7 14. f5 gxf5 15. O-O
Nc6 16. Qd2 fxe4 17. Nf4 Qd7 18. Nxe4 Bf7 19. Rfe1 O-O 20. Ng3 Qg4 21. Qf2 Rfe8
22. Nh3 Re5 23. Ra4 Qd7 24. Rf1 Rae8 25. Bd2 Bg6 26. Nf4 Qf7 27. Bc3 Re3 28.
Nxg6 Qxg6 29. Nf5 Re2 30. Qf3 Rxc2 31. Ne3 Rxe3 0-1

[Event "Ronne Jubilaum"]
[Site "Ronne"]
[Date "2001.06.26"]
[Round "4"]
[White "Poley, Vladimir"]
[Black "Hafner, Christian"]
[Result "1/2-1/2"]
[WhiteElo "2361"]
[BlackElo "2111"]
[PlyCount "139"]
[EventDate "2001.??.??"]
[EventType "swiss"]
[EventRounds "9"]
[EventCountry "DEN"]
[SourceDate "2005.12.01"]

1. Nf3 d5 2. g3 Nf6 3. Bg2 c6 4. O-O Bf5 5. d3 e6 6. c4 dxc4 7. dxc4 Qxd1 8.
Rxd1 h6 9. Nc3 Nbd7 10. a3 Bc2 11. Rd2 Bb3 12. Nd4 Bxc4 13. b3 Ba6 14. Bb2 Be7
15. Nxc6 bxc6 16. Bxc6 Rc8 17. Ba4 Rc7 18. Rad1 Bc5 19. b4 Bb6 20. Nb5 Bxb5 21.
Bxb5 Ke7 22. a4 Bxf2+ 23. Kxf2 Ne4+ 24. Kg2 Nxd2 25. Rxd2 f6 26. Bd4 Rd8 27.
Rb2 e5 28. Bf2 f5 29. a5 Nf6 30. a6 Rb8 31. Bc5+ Rxc5 32. bxc5 Nd5 33. c6 Nc7
34. Rd2 Nxb5 35. Rd7+ Kf6 36. Rb7 Rc8 37. Rxb5 Rxc6 38. Ra5 Rb6 39. h4 g6 40.
Kf2 Ke6 41. Kf3 g5 42. hxg5 hxg5 43. Kf2 Kd6 44. Kf3 Rc6 45. Kf2 g4 46. Ke3
Rc3+ 47. Kf2 Rc5 48. Ra1 Kc6 49. Rh1 Kb6 50. Rh6+ Rc6 51. Rh5 Rf6 52. e4 fxe4+
53. Kg2 e3 54. Rxe5 Rf2+ 55. Kg1 Rf3 56. Re6+ Kc5 57. Kg2 Kd4 58. Re7 Kd3 59.
Rd7+ Ke2 60. Rc7 Kd2 61. Rd7+ Kc1 62. Rxa7 Rf2+ 63. Kg1 Ra2 64. Re7 e2 65. a7
Kd1 66. Rd7+ Rd2 67. Rxd2+ Kxd2 68. a8=Q e1=Q+ 69. Kg2 Qe2+ 70. Kg1 1/2-1/2

[Event "Ronne Jubilaum"]
[Site "Ronne"]
[Date "2001.06.26"]
[Round "4"]
[White "Larsen, Karsten"]
[Black "Bernhardsson, Sten"]
[Result "1/2-1/2"]
[WhiteElo "2304"]
[BlackElo "2291"]
[PlyCount "50"]
[EventDate "2001.??.??"]
[EventType "swiss"]
[EventRounds "9"]
[EventCountry "DEN"]
[SourceDate "2005.12.01"]

1. e4 c5 2. Nf3 e6 3. d3 Nc6 4. g3 d5 5. Nbd2 dxe4 6. dxe4 Nf6 7. Bg2 Be7 8.
O-O O-O 9. Re1 Qc7 10. c3 Rd8 11. Qe2 b6 12. e5 Nd7 13. h4 Bb7 14. Nf1 c4 15.
Bf4 Nc5 16. N1h2 Nd3 17. Rf1 Bc5 18. h5 h6 19. Ng4 Ne7 20. Be3 Nf5 21. Bxc5
Qxc5 22. Kh2 Rd7 23. Ne1 Bxg2 24. Nxg2 Rad8 25. Rab1 Rd5 1/2-1/2

[Event "Ronne Jubilaum"]
[Site "Ronne"]
[Date "2001.06.26"]
[Round "4"]
[White "Rorvik, Jon F"]
[Black "Maiorov, Nikita"]
[Result "0-1"]
[WhiteElo "2174"]
[BlackElo "2326"]
[PlyCount "96"]
[EventDate "2001.??.??"]
[EventType "swiss"]
[EventRounds "9"]
[EventCountry "DEN"]
[SourceDate "2005.12.01"]

1. c4 g6 2. Nc3 Bg7 3. g3 d6 4. Bg2 Nf6 5. e4 c5 6. Nge2 Nc6 7. d3 O-O 8. O-O
a6 9. h3 Rb8 10. Be3 Bd7 11. Kh2 b5 12. cxb5 axb5 13. d4 cxd4 14. Nxd4 Ne5 15.
Qe2 Nc4 16. Rfd1 Nxe3 17. Qxe3 b4 18. Nd5 e6 19. Nxf6+ Bxf6 20. Rd2 Qb6 21. Qd3
Rfd8 22. Rc1 Bg7 23. f4 Be8 24. Nf3 Ra8 25. a3 bxa3 26. bxa3 Qa6 27. e5 d5 28.
Rc3 Bf8 29. Nd4 Bxa3 30. Qxa6 Rxa6 31. Rdc2 Rda8 32. Bf1 Ra4 33. Bb5 Rxd4 34.
Bxe8 Rxe8 35. Rxa3 Kg7 36. Ra7 Re4 37. Rd7 g5 38. Rcc7 Rf8 39. fxg5 Rxe5 40. h4
Rf5 41. Kh3 Rb8 42. Kg4 Kg6 43. h5+ Kg7 44. Rb7 Rxb7 45. Rxb7 d4 46. h6+ Kg6
47. Rb8 Rxg5+ 48. Kf4 Kxh6 0-1

[Event "Ronne Jubilaum"]
[Site "Ronne"]
[Date "2001.06.26"]
[Round "4"]
[White "Brauer, Christian"]
[Black "Rendboe, John Filip"]
[Result "0-1"]
[WhiteElo "2286"]
[BlackElo "2259"]
[PlyCount "48"]
[EventDate "2001.??.??"]
[EventType "swiss"]
[EventRounds "9"]
[EventCountry "DEN"]
[SourceDate "2005.12.01"]

1. d4 Nf6 2. Nc3 d5 3. Bg5 e6 4. e4 dxe4 5. Nxe4 Be7 6. Bxf6 Bxf6 7. Nf3 Nd7 8.
Bd3 O-O 9. Qe2 c5 10. O-O-O cxd4 11. g4 b6 12. g5 Be5 13. Nxe5 Nxe5 14. Rhg1
Bb7 15. f4 Nxd3+ 16. Qxd3 Qd5 17. Rde1 Qf5 18. Rgf1 Rfd8 19. h4 Rac8 20. h5 Bd5
21. b3 Bxe4 22. Qxe4 d3 23. Rf2 Qc5 24. Rd2 Qa3+ 0-1

[Event "Ronne Jubilaum"]
[Site "Ronne"]
[Date "2001.06.26"]
[Round "4"]
[White "Golovchenko, Gleb"]
[Black "Lindberg, Henrik"]
[Result "1/2-1/2"]
[WhiteElo "2106"]
[BlackElo "2210"]
[PlyCount "61"]
[EventDate "2001.??.??"]
[EventType "swiss"]
[EventRounds "9"]
[EventCountry "DEN"]
[SourceDate "2005.12.01"]

1. d4 d5 2. c4 e6 3. Nc3 Nf6 4. Bg5 Nbd7 5. e3 c6 6. Nf3 Qa5 7. Nd2 dxc4 8.
Bxf6 Nxf6 9. Nxc4 Qc7 10. Bd3 Be7 11. O-O O-O 12. Rc1 c5 13. Nb5 Qd8 14. dxc5
Bxc5 15. Ne5 Qe7 16. b4 Bxb4 17. Rc7 Qe8 18. a3 a6 19. axb4 axb5 20. Qe2 Qd8
21. Rc5 b6 22. Nc6 Qc7 23. Rc2 Bb7 24. Bxb5 Bxc6 25. Bxc6 Rac8 26. Re1 Rfd8 27.
g3 h6 28. Qa6 Qd6 29. Qxb6 Rb8 30. Qc5 Rxb4 31. Qxd6 1/2-1/2

[Event "Ronne Jubilaum"]
[Site "Ronne"]
[Date "2001.06.26"]
[Round "4"]
[White "Hartvig, Ove Weiss"]
[Black "Grahn, Lars"]
[Result "1-0"]
[WhiteElo "2285"]
[BlackElo "2100"]
[PlyCount "59"]
[EventDate "2001.??.??"]
[EventType "swiss"]
[EventRounds "9"]
[EventCountry "DEN"]
[SourceDate "2005.12.01"]

1. e4 e5 2. d4 exd4 3. Qxd4 Nc6 4. Qe3 g6 5. Nc3 Bg7 6. Bd2 Nge7 7. O-O-O O-O
8. Qg3 d5 9. f3 d4 10. Nce2 a5 11. Nf4 Ne5 12. h4 h5 13. Qh2 c5 14. g4 Qb6 15.
gxh5 c4 16. c3 Nd3+ 17. Bxd3 cxd3 18. hxg6 fxg6 19. h5 Qc6 20. hxg6 Rxf4 21.
Qxf4 Be6 22. Rh7 Qa4 23. Rxg7+ Kxg7 24. Qe5+ Kf8 25. Bh6+ Ke8 26. Rxd3 Qxa2 27.
Rxd4 Qa1+ 28. Kc2 Qxg1 29. Qxe6 Qh2+ 30. Rd2 1-0

[Event "Ronne Jubilaum"]
[Site "Ronne"]
[Date "2001.06.26"]
[Round "4"]
[White "Angskog, Kent"]
[Black "Lilja, Richard"]
[Result "1-0"]
[WhiteElo "2160"]
[BlackElo "2104"]
[PlyCount "85"]
[EventDate "2001.??.??"]
[EventType "swiss"]
[EventRounds "9"]
[EventCountry "DEN"]
[SourceDate "2005.12.01"]

1. Nf3 Nf6 2. c4 g6 3. Nc3 Bg7 4. e4 d6 5. d4 O-O 6. Be2 e5 7. Bg5 h6 8. Bh4 c6
9. O-O g5 10. dxe5 Nh5 11. Bg3 Nxg3 12. hxg3 dxe5 13. Qxd8 Rxd8 14. Rfd1 Re8
15. b4 Be6 16. Nh2 a5 17. b5 Nd7 18. bxc6 bxc6 19. Rd6 Rac8 20. Bg4 Nb6 21.
Bxe6 Rxe6 22. Rxe6 fxe6 23. c5 Nd7 24. Na4 Bf8 25. Nb6 Nxb6 26. cxb6 Rb8 27.
Rb1 Rb7 28. Ng4 Bc5 29. Nxh6+ Kg7 30. Ng4 Rxb6 31. Rxb6 Bxb6 32. Nxe5 c5 33.
Nc4 Bc7 34. g4 Kf6 35. Kf1 Ke7 36. Ke2 Kd7 37. a4 Bd8 38. Ke3 Bc7 39. e5 Kc6
40. Ke4 Bd8 41. g3 Kc7 42. Ne3 Kd7 43. Kd3 1-0

[Event "Ronne Jubilaum"]
[Site "Ronne"]
[Date "2001.06.26"]
[Round "4"]
[White "Andersen, Kaare Vissing"]
[Black "Sandstrom, Anders"]
[Result "0-1"]
[WhiteElo "2312"]
[BlackElo "1894"]
[PlyCount "58"]
[EventDate "2001.??.??"]
[EventType "swiss"]
[EventRounds "9"]
[EventCountry "DEN"]
[SourceDate "2005.12.01"]

1. e4 c5 2. Nf3 d6 3. g3 Nc6 4. Bg2 g6 5. O-O Bg7 6. d3 e6 7. c3 Nge7 8. Be3
O-O 9. Qd2 b6 10. Bh6 Ba6 11. Bxg7 Kxg7 12. Na3 Rc8 13. Rfd1 d5 14. e5 d4 15.
c4 Qc7 16. Re1 Nf5 17. g4 Nfe7 18. Re2 Rh8 19. Qf4 Ng8 20. g5 h6 21. h4 hxg5
22. hxg5 Rh5 23. Nb5 Bxb5 24. cxb5 Na5 25. Qg4 Ne7 26. Rae1 Qd7 27. a4 Nf5 28.
Rd1 Rch8 29. Kf1 Ne3+ 0-1

[Event "Ronne Jubilaum"]
[Site "Ronne"]
[Date "2001.06.26"]
[Round "4"]
[White "Hornsgaard, Jens Boe"]
[Black "Baekgaard, Martin"]
[Result "0-1"]
[WhiteElo "1902"]
[BlackElo "2270"]
[PlyCount "48"]
[EventDate "2001.??.??"]
[EventType "swiss"]
[EventRounds "9"]
[EventCountry "DEN"]
[SourceDate "2005.12.01"]

1. e4 e6 2. d4 d5 3. Nd2 Be7 4. Ngf3 Nf6 5. e5 Nfd7 6. Bd3 c5 7. c3 Nc6 8. O-O
g5 9. h3 h5 10. g4 hxg4 11. hxg4 Qb6 12. dxc5 Qc7 13. Nb3 Ndxe5 14. Nxe5 Nxe5
15. f4 Nxd3 16. Qxd3 Bd7 17. Kg2 O-O-O 18. Qg3 Bc6 19. Nd4 Bxc5 20. fxg5 Bd6
21. Qf3 Rh2+ 22. Kg1 Rdh8 23. Bf4 Bxf4 24. Qxf4 Qxf4 0-1

[Event "Ronne Jubilaum"]
[Site "Ronne"]
[Date "2001.06.26"]
[Round "4"]
[White "Petersen, Tom Petri"]
[Black "Petersen, Jan"]
[Result "1-0"]
[WhiteElo "2098"]
[BlackElo "1742"]
[PlyCount "79"]
[EventDate "2001.??.??"]
[EventType "swiss"]
[EventRounds "9"]
[EventCountry "DEN"]
[SourceDate "2005.12.01"]

1. e4 e5 2. Nf3 Nc6 3. Bb5 Bc5 4. O-O Nd4 5. Nxd4 Bxd4 6. c3 Bb6 7. d4 c6 8.
Ba4 d6 9. Na3 Nf6 10. f3 O-O 11. Bg5 h6 12. Bh4 g5 13. Bf2 Nh5 14. g3 Ng7 15.
Nc4 Bc7 16. Bc2 b5 17. Ne3 a5 18. Qe2 Bd7 19. Rad1 Qe8 20. Kg2 a4 21. d5 c5 22.
Nf5 Nxf5 23. exf5 f6 24. Qe4 Kg7 25. h4 Rh8 26. Rh1 Qe7 27. Rh2 Qf7 28. Rdh1
Ba5 29. Be3 Bc7 30. hxg5 hxg5 31. Bxg5 Rxh2+ 32. Rxh2 Rh8 33. Rxh8 Kxh8 34.
Qh4+ Qh7 35. Bxf6+ Kg8 36. Qg5+ Kf7 37. g4 Ke8 38. Be4 Qf7 39. Bg7 Bd8 40. f6
1-0

[Event "Ronne Jubilaum"]
[Site "Ronne"]
[Date "2001.06.26"]
[Round "4"]
[White "Poulsen, Morten Kjar"]
[Black "Hauschild, Andreas"]
[Result "1/2-1/2"]
[WhiteElo "1785"]
[BlackElo "2290"]
[PlyCount "148"]
[EventDate "2001.??.??"]
[EventType "swiss"]
[EventRounds "9"]
[EventCountry "DEN"]
[SourceDate "2005.12.01"]

1. e4 c5 2. Nf3 Nc6 3. d4 cxd4 4. Nxd4 Nf6 5. Nc3 e5 6. Ndb5 d6 7. Bg5 a6 8.
Na3 b5 9. Bxf6 gxf6 10. Nd5 Bg7 11. c3 f5 12. exf5 Bxf5 13. Nc2 O-O 14. Nce3
Be6 15. Bd3 f5 16. O-O Ne7 17. Nxe7+ Qxe7 18. Bxf5 Bf7 19. Be4 Rad8 20. Nf5 Qf6
21. Nxg7 Kxg7 22. Bd5 Be8 23. Qe2 Kh8 24. Rad1 Qh4 25. Rd3 Bh5 26. Qd2 Bg4 27.
Rg3 Rf4 28. Qe3 Rdf8 29. b3 Qf6 30. Bb7 a5 31. Ba6 h5 32. Qd2 b4 33. cxb4 axb4
34. Bc4 d5 35. Bxd5 Rd8 36. Rd3 Bf5 37. Be4 Rxd3 38. Bxd3 Rd4 39. Qe2 Bxd3 40.
Qxh5+ Kg7 41. Rc1 Qd6 42. h3 Bg6 43. Qe2 Rd2 44. Rc7+ Qxc7 45. Qxd2 Qc5 46.
Qd7+ Kf6 47. Qd8+ Ke6 48. Qg8+ Bf7 49. Qg4+ Kd6 50. Qg5 Qd4 51. Qf6+ Be6 52.
Qd8+ Bd7 53. Qf6+ Kc7 54. Qa6 Bc6 55. Qe2 Qe4 56. Qf1 Kb6 57. Kh1 Bb5 58. Qc1
Bd3 59. Qh6+ Kb5 60. Qf8 Qe1+ 61. Kh2 Bf1 62. Qb8+ Kc5 63. Qa7+ Kd5 64. Qd7+
Ke4 65. Qg4+ Kd5 66. Qd7+ Kc5 67. Qa7+ Kd6 68. Qb6+ Kd5 69. Qd8+ Kc5 70. Qd7
Qe4 71. Qa7+ Kb5 72. Qb8+ Ka6 73. Qd6+ Ka7 74. Qe7+ Ka8 1/2-1/2

[Event "Ronne Jubilaum"]
[Site "Ronne"]
[Date "2001.06.26"]
[Round "4"]
[White "Allgaier, Erik"]
[Black "Holstein Ratlau, Claus Hoeg"]
[Result "1-0"]
[WhiteElo "2276"]
[BlackElo "1827"]
[PlyCount "65"]
[EventDate "2001.??.??"]
[EventType "swiss"]
[EventRounds "9"]
[EventCountry "DEN"]
[SourceDate "2005.12.01"]

1. e4 c5 2. Nc3 Nc6 3. g3 g6 4. Bg2 Bg7 5. d3 d6 6. f4 e6 7. Nf3 Nge7 8. O-O
O-O 9. Be3 Rb8 10. Rb1 Nd4 11. Ne2 e5 12. Nexd4 cxd4 13. Bd2 f5 14. c3 fxe4 15.
Qb3+ Kh8 16. dxe4 h6 17. cxd4 exd4 18. Qa4 Nc6 19. Nh4 Kh7 20. b4 b5 21. Qc2
Qb6 22. Kh1 Ne7 23. f5 gxf5 24. exf5 Rf6 25. Rbe1 Rf7 26. Ng6 Qd8 27. Re6 Ng8
28. Bf4 Rc7 29. Qb1 Rb6 30. Rfe1 Rf7 31. Re8 Qc7 32. Rc1 Qb8 33. Rcxc8 1-0